Physical methods for determining molecular geometry
保存先:
| 第一著者: | |
|---|---|
| フォーマット: | 図書 |
| 言語: | Undetermined |
| 出版事項: |
New York
Reinhold Pub. Corp.
1965
|
| 主題: | |
| タグ: |
タグ追加
タグなし, このレコードへの初めてのタグを付けませんか!
|
| Thư viện lưu trữ: | Trung tâm Học liệu Trường Đại học Cần Thơ |
|---|
| LEADER | 00514nam a2200181Ia 4500 | ||
|---|---|---|---|
| 001 | CTU_149494 | ||
| 008 | 210402s9999 xx 000 0 und d | ||
| 082 | |a 541.22 | ||
| 082 | |b B828 | ||
| 100 | |a Brey, Wallace S. | ||
| 245 | 0 | |a Physical methods for determining molecular geometry | |
| 245 | 0 | |c Wallace S. Brey | |
| 260 | |a New York | ||
| 260 | |b Reinhold Pub. Corp. | ||
| 260 | |c 1965 | ||
| 650 | |a Molecules,Phân tử | ||
| 904 | |i Trọng Hải | ||
| 980 | |a Trung tâm Học liệu Trường Đại học Cần Thơ | ||